La réponse commence par ca - Statistiques

Statistiques générales
  • Ce quiz a été pris 329 fois
  • Le résultat moyen est 10 sur 15
Statistiques - réponses
Hint Réponse % Correct
Capitale d’Égypte Caire
90%
Citerne, Benne, frigorifique... Camion
89%
Indispensable pour l'écolier Cahier/Cartable
88%
Pays qui a vu naitre le basketball, le trivial pursuit et la moto-neige Canada
88%
Substance active de l'espresso Caféine
84%
Chanteur face à la mer Calogero
82%
Relatif aux chiens Canin
82%
Apia, Mbabane, Tallinn Capitale
70%
Photo, de porte ou paysage Cadre
67%
Utile pour déménager Carton
62%
Rythme Cadence
55%
Accessoire de voleur Cagoule
51%
Qui n'est plus d'actualité Caduc/Caduque
48%
Oiseau très coloré Cacatoès
43%
Arthropode Cafard
16%
Aucun quiz correspondant
Distribution des résultats
% des personnes avec chaque résultat
Percentile par nombre de réponses
Votre historique - résultats
Vous n’avez pas pris ce quiz